Familia y consumo en la ciudad colombiana / (Registro nro. 8557)
[ vista simple ]
| 000 -LEADER | |
|---|---|
| fixed length control field | 01222nam a2200253Ia 4500 |
| 003 - CONTROL NUMBER IDENTIFIER | |
| control field | OSt |
| 005 - DATE AND TIME OF LATEST TRANSACTION | |
| control field | 20210920195810.0 |
| 008 - FIXED-LENGTH DATA ELEMENTS--GENERAL INFORMATION | |
| fixed length control field | 210310s1977 ck gr 000 0 spa d |
| 040 ## - CATALOGING SOURCE | |
| Original cataloging agency | CO-JMCR |
| Transcribing agency | CO-JMCR |
| 041 0# - LANGUAGE CODE | |
| Language code of text/sound track or separate title | spa |
| 082 04 - DEWEY DECIMAL CLASSIFICATION NUMBER | |
| Classification number | 339.419861 / |
| Item number | L925f |
| Edition number | 23 |
| 100 1# - MAIN ENTRY--PERSONAL NAME | |
| Personal name | López de Rodríguez, Cecilia, |
| 9 (RLIN) | 17619 |
| Relator term | autora |
| 245 10 - TITLE STATEMENT | |
| Title | Familia y consumo en la ciudad colombiana / |
| Statement of responsibility, etc. | Cecilia López de Rodríguez, Hernando Gómez Buendía |
| 260 ## - PUBLICATION, DISTRIBUTION, ETC. | |
| Place of publication, distribution, etc. | Bogotá : |
| Name of publisher, distributor, etc. | Fundación para la Educación Superior y el Desarrollo, |
| Date of publication, distribution, etc. | 1977 |
| 300 ## - PHYSICAL DESCRIPTION | |
| Extent | 231 páginas ; |
| Dimensions | 24 cm. |
| 500 ## - GENERAL NOTE | |
| General note | Incluye notas a pie de página. |
| 504 ## - BIBLIOGRAPHY, ETC. NOTE | |
| Bibliography, etc. note | Bibliografía: páginas 217-222 |
| 505 0# - FORMATTED CONTENTS NOTE | |
| Formatted contents note | Composición familiar y gasto, antecedentes y perspectivas -- La encuesta de presupuestos familiares, 1967-1968 -- Modelos alternativos de la curva de Engel -- Selección de modelos, clasificación de los bienes y economías de escala -- Composición familiar, gasto y bienestar -- Resumen y perspectivas |
| 651 #4 - SUBJECT ADDED ENTRY--GEOGRAPHIC NAME | |
| Geographic name | Colombia |
| General subdivision | Costo y nivel de vida |
| 9 (RLIN) | 40652 |
| 651 #4 - SUBJECT ADDED ENTRY--GEOGRAPHIC NAME | |
| Geographic name | Colombia |
| Source of heading or term | |
| General subdivision | Tamaño de la familia |
| 9 (RLIN) | 40653 |
| 651 #4 - SUBJECT ADDED ENTRY--GEOGRAPHIC NAME | |
| Geographic name | Colombia |
| General subdivision | Consumo (Economía) |
| 9 (RLIN) | 40654 |
| 700 1# - ADDED ENTRY--PERSONAL NAME | |
| Personal name | Gómez Buendía, Hernando, |
| Relator term | autor |
| 9 (RLIN) | 40655 |
| 942 ## - ADDED ENTRY ELEMENTS (KOHA) | |
| Source of classification or shelving scheme | Dewey Decimal Classification |
| Koha item type | Books |
| Withdrawn status | Lost status | Source of classification or shelving scheme | Damaged status | Not for loan | Collection code | Home library | Current library | Date acquired | Source of acquisition | Full call number | Barcode | Date last seen | Copy number | Koha item type |
|---|---|---|---|---|---|---|---|---|---|---|---|---|---|---|
| Dewey Decimal Classification | Non-fiction | Biblioteca Pública José María del Castillo y Rada | Biblioteca Pública José María del Castillo y Rada | 04/15/2018 | Donación | 339.419861 / L925f | 430006266 | 05/16/2024 | Ej.1 | Books |